000
00159nam a22000857a 4500
082
_a
823
_b
MAT/E
100
_a
MATSUKA, YOKO
245
_a
ENJOY PHONICS
942
_c
BK
999
_c
3246
_d
3246